[Event "1st 4NCL International U2050"]
[Site "Telford"]
[Date "2018.11.04"]
[Round "9"]
[White "Chen, Daniel Xingyu"]
[Black "Aubury, Benjamin"]
[Result "1/2-1/2"]
[WhiteElo "1258"]
[BlackElo "1566"]
[Annotator "NA RC"]
[PlyCount "89"]
[EventDate "2018.10.31"]
[EventType "swiss"]
[EventCountry "GBR"]
[SourceTitle "playchess.com"]
[Source "ChessBase"]
[SourceQuality "1"]
[TimeControl "5400+30"]

1. e4 {[%emt 0:00:00]} c6 {[%emt 0:00:01]} 2. d3 {[%emt 0:00:00]} d5 {[%emt 0:00:09]} 3. Nd2 {[%emt 0:00:08]} g6 {[%emt 0:00:17]} 4. Ngf3 {[%emt 0:00:17]} Bg7 {[%emt 0:00:05]} 5. g3 {[%emt 0:00:23]} e5 {[%emt 0:00:17]} 6. Bg2 {[%emt 0:01:06]} Ne7 {[%emt 0:00:51]} 7. O-O {[%emt 0:01:19]} O-O {[%emt 0:00:07]} 8. b3 {[%emt 0:01:25]} f5 {[%emt 0:03:32]} 9. Bb2 {[%emt 0:01:07]} Qc7 {[%emt 0:01:17]} 10. Re1 {[%emt 0:01:28]} Nd7 {[%emt 0:01:14]} 11. a4 {[%emt 0:03:39]} f4 {[%emt 0:01:28]} 12. Ba3 {[%emt 0:05:10]} Re8 {[%emt 0:05:39]} 13. Ng5 {[%emt 0:01:50]} Nf6 {[%emt 0:01:48]} 14. Ngf3 {[%emt 0:02:05]} Nd7 {[%emt 0:03:38]} 15. Ng5 {[%emt 0:00:47]} Nf6 {[%emt 0:06:13]} 16. Ngf3 {[%emt 0:00:10]} fxg3 {[%emt 0:00:31]} 17. fxg3 {[%emt 0:00:35]} Qb6+ {[%emt 0:01:01]} 18. Kh1 {[%emt 0:01:21]} Ng4 {[%emt 0:01:27]} 19. Rf1 {[%emt 0:09:01]} Nf2+ {[%emt 0:00:24]} 20. Rxf2 {[%emt 0:00:07]} Qxf2 {[%emt 0:00:17]} 21. Bd6 {[%emt 0:00:58]} Bg4 {[%emt 0:01:01]} 22. Qc1 {[%emt 0:01:59]} Nc8 {[%emt 0:02:07]} 23. Ba3 {[%emt 0:00:55]} Bh6 {[%emt 0:04:04]} 24. Qf1 {[%emt 0:03:20]} Qxf1+ {[%emt 0:00:00]} 25. Nxf1 {[%emt 0:00:16]} Nb6 {[%emt 0:00:00]} 26. h3 {[%emt 0:02:16]} Bxf3 {[%emt 0:00:00]} 27. Bxf3 {[%emt 0:00:12]} Rad8 {[%emt 0:00:10]} 28. a5 {[%emt 0:03:12]} Nc8 {[%emt 0:00:52]} 29. Nh2 {[%emt 0:01:42]} dxe4 {[%emt 0:00:26]} 30. Bxe4 {[%emt 0:00:47]} Nd6 {[%emt 0:00:23]} 31. Bg2 {[%emt 0:01:21]} Nb5 {[%emt 0:01:19]} 32. Ng4 {[%emt 0:02:06]} Bg7 {[%emt 0:00:37]} 33. Bb4 {[%emt 0:00:31]} e4 {[%emt 0:00:26]} 34. Rd1 {[%emt 0:02:18]} h5 {[%emt 0:01:56]} 35. Nf2 {[%emt 0:02:06]} exd3 {[%emt 0:04:59]} 36. Nxd3 {[%emt 0:00:27]} Re2 {[%emt 0:03:15]} 37. Rc1 {[%emt 0:02:26]} Bh6 {[%emt 0:00:59]} 38. Bf3 {[%emt 0:00:37]} Bxc1 {[%emt 0:03:10]} 39. Bxe2 {[%emt 0:00:38]} Be3 {[%emt 0:00:29]} 40. Ne5 {[%emt 0:01:10]} Kg7 {[%emt 0:04:20]} 41. Bd3 {[%emt 0:01:22]} Kf6 {[%emt 0:06:49]} 42. Nc4 {[%emt 0:04:35]} Bd4 {[%emt 0:00:57]} 43. Nd2 {[%emt 0:01:11]} Kg7 {[%emt 0:01:17]} 44. Ne4 {[%emt 0:02:46]} Rd5 {[%emt 0:04:51]} 45. c4 {[%emt 0:01:29]} 1/2-1/2